| 000 -LEADER | |
|---|---|
| fixed length control field | 00460nam a22001577a 4500 |
| 020 ## - INTERNATIONAL STANDARD BOOK NUMBER | |
| ISBN | 9780071481700 |
| 050 ## - LIBRARY OF CONGRESS CALL NUMBER | |
| Classification number | HF 5549.5 kin |
| 100 ## - MAIN ENTRY--AUTHOR NAME | |
| Personal name | KING, Margot |
| 245 ## - TITLE STATEMENT | |
| Title | Perfect phrases for perfect hiring |
| 260 ## - PUBLICATION, DISTRIBUTION, ETC. (IMPRINT) | |
| Place of publication | New York ,NY |
| Name of publisher | McGraw-Hill |
| Year of publication | 2007 |
| 300 ## - PHYSICAL DESCRIPTION | |
| Number of Pages | xiii, 191p., |
| 490 ## - SERIES STATEMENT | |
| Series statement | The Perfect phrase series |
| 500 ## - GENERAL NOTE | |
| General note | Hundreds of ready-to-use phrases for interviewing and hiring the best employees |
| 700 ## - ADDED ENTRY--PERSONAL NAME | |
| Personal name | DAVILA, Lovi |
| 942 ## - ADDED ENTRY ELEMENTS (KOHA) | |
| Koha item type | Books |
| Koha item type | Shelving location | Accession Number | Permanent Location | Current Location | Date acquired | Full call number |
|---|---|---|---|---|---|---|
| Books | Lending | 4062 c2 | Chapman Library | Chapman Library | 2017-02-15 | HF 5549.5 kin |
| Books | Lending | 4063 c2 | Chapman Library | Chapman Library | 2017-02-15 | HF 5549.5 kin |
| Books | Reference | 4064 c3 | Chapman Library | Chapman Library | 2017-02-15 | HF 5549.5 kin |

